000 01448cam a22003014a 4500
001 14815963
003 OSt
005 20230414153436.0
008 070420s2008 moua 001 0 eng
010 _a 2007927351
020 _a9780323045766 (pbk. : alk. paper)
040 _aDLC
_cLC
_dDLC
050 0 0 _aRS57.B87
082 0 0 _a615/.1401513043
_222
100 1 _a Brown, Meta
_91206
245 1 0 _aDrug calculations: process and problems for clinical practice. /
_cMeta Brown, Joyce M. Mulholland.
250 _a8th ed.
260 _aSt. Louis, Mo. :
_bMosby/Elsevier,
_c2008.
300 _axxiii, 480 p. :
_bcol. ill. ;
_c28 cm. +
_e1 CD-ROM (4 3/4 in.)
500 _aIncludes index.
505 _aContents: General mathematics -- Ratio and proportion -- Safe medication administration -- Drug measurements and dose calculations -- Medications from powders and crystals: oral and intramuscular -- Basic intravenous calculations -- Advanced intravenous calculations -- Parenteral nutrition -- Insulin -- Anticoagulants -- Children's dosages -- Dimensional analysis --
650 0 _aPharmaceutical arithmetic
_vProblems, exercises, etc.
_91207
650 0 _aPharmaceutical arithmetic
_vProblems, exercises, etc.
_vSoftware.
_91208
700 1 _aMulholland, Joyce M.
_91209
906 _a7
_bcbc
_corignew
_d2
_eepcn
_f20
_gy-gencatlg
942 _2lcc
_cBK
999 _c9510
_d17010